Mundialización y regionalización, ¿caras de la misma moneda? /

Gorde:
Xehetasun bibliografikoak
Egile nagusia: Marín López, Efrén Cuauhtémoc
Formatua: Texto
Gaiak:
Etiketak: Etiketa erantsi
Etiketarik gabe, Izan zaitez lehena erregistro honi etiketa jartzen!

MARC

LEADER 00000 a a2200000 04500
001 5312
003
040
100 |a Marín López, Efrén Cuauhtémoc  
245 |a Mundialización y regionalización, ¿caras de la misma moneda? /  |c Efrén Cuauhtémoc Marín López 
650 |a TLCAN  
650 |a INTEGRACION REGIONAL  
650 |a GLOBALIZACION  
773 |g número 289; páginas 34-41  
999 |c 22491  |d 22491